Jewish identity in modern times (Record no. 122531)
[ view plain ]
| 000 -LEADER | |
|---|---|
| fixed length control field | 00588nam a22001697a 4500 |
| 008 - FIXED-LENGTH DATA ELEMENTS--GENERAL INFORMATION | |
| fixed length control field | 150327b xxu||||| |||| 00| 0 eng d |
| 020 ## - INTERNATIONAL STANDARD BOOK NUMBER | |
| International Standard Book Number | 9781571810595 |
| 050 ## - LIBRARY OF CONGRESS CALL NUMBER | |
| Classification number | BM538.P3H6613 1994 |
| 100 ## - MAIN ENTRY--PERSONAL NAME | |
| Personal name | Homolka, W. |
| 9 (RLIN) | 16703 |
| 245 ## - TITLE STATEMENT | |
| Title | Jewish identity in modern times |
| Remainder of title | Leo Baeck German Protestantism |
| Statement of responsibility, etc | /by Walter, Holmolka |
| 260 ## - PUBLICATION, DISTRIBUTION, ETC. (IMPRINT) | |
| Place of publication, distribution, etc | Providence |
| Name of publisher, distributor, etc | Berghahn books |
| Date of publication, distribution, etc | 1995 |
| 300 ## - PHYSICAL DESCRIPTION | |
| Extent | xx,143p. ; |
| Dimensions | 23cm. |
| 440 ## - SERIES STATEMENT/ADDED ENTRY--TITLE | |
| Title | European Judaism |
| 9 (RLIN) | 16704 |
| 650 ## - SUBJECT ADDED ENTRY--TOPICAL TERM | |
| Topical term or geographic name as entry element | Peace |
| General subdivision | Religious aspects |
| -- | Judaism |
| 9 (RLIN) | 16705 |
| 700 ## - ADDED ENTRY--PERSONAL NAME | |
| Personal name | Jonathan Magonet (series general editor) |
| 9 (RLIN) | 16706 |
| 942 ## - ADDED ENTRY ELEMENTS (KOHA) | |
| Source of classification or shelving scheme | Library of Congress Classification |
| Item type | Monograph ( Printed materials) |
| Withdrawn status | Lost status | Source of classification or shelving scheme | Damaged status | Not for loan | Collection code | Home library | Current library | Shelving location | Date acquired | Total Checkouts | Full call number | Barcode | Date last seen | Price effective from | Koha item type |
|---|---|---|---|---|---|---|---|---|---|---|---|---|---|---|---|
| Library of Congress Classification | Main Collection | ARRUPE LIBRARY | ARRUPE LIBRARY | Main Collection | 27/03/2015 | BM538.P3H6613 1994 | 46500002590 | 27/03/2015 | 27/03/2015 | Monograph ( Printed materials) |